Rien qu'un jour (difficile) - Le Bossu de Notre-Dame - paroles - Statistiques

Statistiques générales
  • Ce quiz a été pris 50 fois
  • Le résultat moyen est 295 sur 370
Statistiques - réponses
Personnages Paroles % Correct
la
96%
ce
93%
Claude Frollo Ce
93%
de
93%
es
93%
Quasimodo (chanté) A
89%
à
89%
des
89%
difforme.
89%
est
89%
Claude Frollo | Quasimodo Et
89%
et
89%
je
89%
Je
89%
laid.
89%
le
89%
Claude Frollo (chanté) Le
89%
qui
89%
regarde
89%
sans
89%
suis
89%
Claude Frollo | Claude Frollo (chanté) | Claude Frollo (parlé) Tu
89%
tu
89%
au
86%
bas.
86%
bas,
86%
cette
86%
d'en
86%
en
86%
Claude Frollo En
86%
ici,
86%
ici ?
86%
ici.
86%
ma
86%
me
86%
Moi
86%
moi
86%
mon
86%
Quasimodo (parlé) Mon
86%
ne
86%
pas
86%
pas.
86%
que
86%
se
86%
seul
86%
si
86%
Si
86%
te
86%
très
86%
un
86%
vie
86%
vie,
86%
bien
82%
ces
82%
gens
82%
jour
82%
jour,
82%
les
82%
monde
82%
qu'un
82%
Reste
82%
reste
82%
rien.
82%
rien
82%
Rien
82%
ta
82%
ton
82%
tour
82%
tour,
82%
ami.
79%
cité.
79%
cruel,
79%
dans
79%
eux
79%
grand
79%
l'abris
79%
leur
79%
Mais
79%
mais
79%
méchant,
79%
monstre.
79%
pied
79%
Quasimodo.
79%
Quasimodo,
79%
sont
79%
sûr.
79%
sur
79%
tours.
79%
Tout
79%
vivre
79%
vois
79%
bon
75%
c'est
75%
Chaque
75%
ciel
75%
cœur
75%
connais
75%
dis,
75%
Claude Frollo Fais
75%
fidèle.
75%
folie.
75%
ils
75%
j'avais
75%
leurs
75%
Leurs
75%
maître,
75%
obéis,
75%
pitié !
75%
quittais
75%
Les deux Reconnaissant.
75%
regarder
75%
soleil,
75%
vivrais
75%
voient
75%
Quasimodo | Quasimodo (parlé) Vous
75%
abris,
71%
brûle
71%
d'être
71%
êtes
71%
femmes,
71%
heureux.
71%
joie
71%
laideur
71%
merveilleux
71%
nourris,
71%
peur.
71%
pour
71%
promènent,
71%
serait
71%
solitaire,
71%
t'offre
71%
traiteront
71%
vis
71%
voix
71%
âme.
68%
bords
68%
chansons,
68%
comment
68%
Comment
68%
comprends
68%
crimes
68%
crois
68%
dois
68%
faire
68%
fois,
68%
hommes
68%
m'enflamme.
68%
mépris.
68%
meurt,
68%
n'entendent
68%
Notre-Dame,
68%
n'oublie
68%
personnages !
68%
pierre,
68%
protéger
68%
quand
68%
qu'ils
68%
rencontrer
68%
rires,
68%
sais,
68%
toujours
68%
une
68%
veuille
68%
visages.
68%
voudrais
68%
aux
64%
cris
64%
défenseur.
64%
fenêtres
64%
font
64%
goûterais
64%
haine
64%
insouciant
64%
intolérance.
64%
j'envie
64%
joies.
64%
larmes
64%
meuniers
64%
Quasimodo Oui,
64%
partager
64%
Seine,
64%
seule
64%
tisserands,
64%
vies,
64%
yeux
64%
alentour
61%
appris
61%
bonheur
61%
demeures
61%
fuir
61%
histoire
61%
j'entends
61%
jusqu'au
61%
parapets
61%
Claude Frollo (parlé) Rappelle-toi
61%
résonnent
61%
saigner
61%
sois
61%
t'ai
61%
t'instruis,
61%
calomnies,
57%
désolé.
57%
J'apprends
57%
pardonne.
57%
ignores
46%
sanctuaire.
46%
ceci
39%
Aucun quiz correspondant
Distribution des résultats
% des personnes avec chaque résultat
Percentile par nombre de réponses
Votre historique - résultats
Vous n’avez pas pris ce quiz